00589nam a2200121Ia 4500008004100000082002200041100001900063245011300082260004000195365000600235630011300241730011300354100415s9999 xx 000 0 und d b21249a595.78(03) aSTANEK, V. J.; aIllustrated Encyclopedia of Butterflies & Moths. Donated By: Dr. Ashok Kothari, Mumbai. (FOR REFERENCE ONLY) aLONDONc1977bOCTOPUS BOOKS LIMITED b0 aIllustrated Encyclopedia of Butterflies & Moths. Donated By: Dr. Ashok Kothari, Mumbai. (FOR REFERENCE ONLY) aIllustrated Encyclopedia of Butterflies & Moths. Donated By: Dr. Ashok Kothari, Mumbai. (FOR REFERENCE ONLY)